000 00568nam a2200229 a 4500
999 _c10078
_d10078
001 10078
003 BD-JhCC
005 20180417090308.0
008 180417s1974 e a|||| || | 001 0 eng d
035 _a(BD-JhCC)10078
040 _aBD-JhCC
_dBD-JhCC
041 _aeng
082 _a915.4
_bBAR 1974
100 _aBarham, Trevor
245 _aHimalayan Oddyssey /
_cTrevor Barham,
260 _aLondon :
_bGeorge Allen & Unwin Ltd,
_c1974
300 _a243. p :
_c22 cm.
650 _aMountaineeing
650 _aTravel
942 _2ddc
_cBK